Statistiken für Spitznamen - Länder

Klicken Sie hier um das Quiz zu spielen!

Allgemein

  • Dieses Quiz wurde 1,308 mal gespielt
  • Das Durchschnittsergebnis liegt bei 14 aus 22

Antwortstatistiken

Spitzname Land % Korrekt
HollandNiederlande
95%
der StiefelItalien
93%
Down UnderAustralien
92%
das Land der aufgehenden SonneJapan
91%
das Land der Dichter und DenkerDeutschland
91%
das Land der unbegrenzten MöglichkeitenVereinigte Staaten
90%
das Geschenk des NilsÄgypten
90%
die grüne InselIrland
87%
Indiens Träne im OzeanSri Lanka
87%
das Heilige LandIsrael
82%
das Land der InkasPeru
81%
das Reich der MitteChina
77%
HelvetiaSchweiz
66%
'NamVietnam
63%
das Land der tausend SeenFinnland
63%
das Land der MagyarenUngarn
55%
der Brotkorb EuropasUkraine
39%
das HexagonFrankreich
31%
der Friedhof der ImperienAfghanistan
22%
das Land der langen, weißen WolkeNeuseeland
17%
RegenbogenlandSüdafrika
13%
das EinsiedlerkönigreichNordkorea
9%

Verteilung der Resultate

Perzentil nach korrekt beantworteten Fragen

Anzahl Personen mit jedem Resultat

Ihre Resultats-Entwicklung

Sie haben dieses Quiz noch nicht gespielt